Hacia los cien años de vida / (Record no. 66227)

MARC details
000 -LEADER
campo de control de longitud fija 00585nam a2200181 i 4500
001 - NÚMERO DE CONTROL
campo de control 66227
003 - IDENTIFICADOR DE NÚMERO DE CONTROL
campo de control ES-MaACL
005 - FECHA Y HORA DE LA ÚLTIMA TRANSACCIÓN
campo de control 20251127165447.0
007 - CAMPO FIJO DE DESCRIPCIÓN FÍSICA--INFORMACIÓN GENERAL
campo de control de longitud fija t|
008 - DATOS DE LONGITUD FIJA--INFORMACIÓN GENERAL
campo de control de longitud fija 040129s1949 sp ||||1| spa d
100 1# - ENTRADA PRINCIPAL--NOMBRE DE PERSONA
Nombre de persona Galán Rodríguez, Jesús.
9 (RLIN) 53310
245 10 - MENCIÓN DEL TÍTULO
Título Hacia los cien años de vida /
Mención de responsabilidad, etc. J. Galán Rodríguez ; prólogo de B. Lorenzo Velázquez.
260 ## - PUBLICACIÓN, DISTRIBUCIÓN, ETC.
Lugar de publicación, distribución, etc. Madrid :
Nombre del editor, distribuidor, etc. Ordo,
Fecha de publicación, distribución, etc. 1949 (
Lugar de fabricación/manufactura Avila :
Fabricante Sigirano Díaz)
300 ## - DESCRIPCIÓN FÍSICA
Extensión 144 p. ;
Dimensiones 19 cm.
700 1# - ENTRADA AGREGADA--NOMBRE PERSONAL
Nombre de persona Lorenzo-Velázquez, B.,
Fechas asociadas al nombre 1901-1985
9 (RLIN) 74198
852 ## - LOCALIZACIÓN
Ubicación ES-MaACL
Número de control de estantería B-12877
Sublocalización o colección R.28832
Holdings
Estatus retirado Estado de pérdida Estado de daño No para préstamo Biblioteca de origen Biblioteca actual Ubicación en estantería Fecha de adquisición Fuente de adquisición Total de préstamos Signatura topográfica completa Código de barras Visto por última vez Precio de reemplazo Tipo de ítem Koha
        Biblioteca del Ateneo de Madrid Biblioteca del Ateneo de Madrid Sala Pardo Bazán 17/01/2008     B-12877 1069385 23/02/2023 23/02/2023 Libro impreso